000 00591nam a2200169 i 4500
001 165931
003 ES-MaACL
005 20230906213230.0
008 990305s1886 sp |||| | spa d
040 _aCAM
_bspa
_cCAM
245 0 3 _aEl Syllabus y la última encíclica de ... León XIII /
_cprecedidos de unas breves consideraciones sobre ambos documentos por Máximo Puget.
260 _aMadrid :
_b[s.n.],
_c1886 (
_fRicardo Fé)
300 _a128 p. ;
_c18 cm.
597 _aLas pp. 125 y 127 en bl.
700 1 _aPuget, Máximo.
_9131413
852 _aES-MaACL
_jF-12603
_z-- Enc. tela
999 _c165931
_d165931